=LDR 00000nam 2200000 4500 =001 INLIS000000000005229 =005 20130612093500 =008 ***********************************Ind** =035 ##$$0010-061300000005229 =041 ##$$a Ind =082 ##$$a 952 =090 ##$$a 952, Fuk m =100 ##$$a FUKUTAKE, Tadashi =245 ##$$a Masyarakat Jepang masa ini, Tadashi Fukutake =260 ##$$a 1988 $b Jakarta =300 ##$$a xiii, 216 hlm, 21 cm =650 ##$$a Jepang =650 ##$$a Keadaan Sosial =850 ##$$a NBPNMAT